[Event "SR 3. liga A2 2008/2009"]
[Site "?"]
[Date "2009.03.22"]
[Round "10.5"]
[White "Puobis, Jozef"]
[Black "Vach, Jozef"]
[Result "1-0"]
[WhiteElo "2015"]
[BlackElo "1917"]
[PlyCount "77"]
[EventDate "2008.??.??"]

1. e4 e5 2. Nf3 Nc6 3. Bc4 Be7 4. d4 exd4 5. Nxd4 Nf6 6. Nc3 d6 7. O-O O-O 8.
f4 Bd7 9. Be3 a6 10. Qf3 Nxd4 11. Bxd4 b5 12. Bd3 c5 13. Bxf6 Bxf6 14. e5 dxe5
15. fxe5 Bxe5 16. Bxh7+ Kxh7 17. Qh5+ Kg8 18. Qxe5 Rc8 19. Rad1 Qc7 20. Qh5
Rce8 21. Rd5 c4 22. Kh1 Qf4 23. Qd1 Qh4 24. Rxd7 Re5 25. g3 Qh3 26. Rd5 Re3 27.
Rh5 Qe6 28. Rhf5 Re8 29. Qd5 b4 30. Qxe6 R8xe6 31. Nd5 Re2 32. Nf4 g6 33. Nxe2
gxf5 34. Nd4 Rd6 35. c3 bxc3 36. bxc3 Rb6 37. Kg2 a5 38. Rxf5 a4 39. Rb5 1-0

[Event "SR 3. liga A2 2008/2009"]
[Site "?"]
[Date "2009.03.22"]
[Round "10.6"]
[White "Hrubsa, Marian"]
[Black "Kubica, Adrian"]
[Result "1-0"]
[WhiteElo "1909"]
[BlackElo "1927"]
[PlyCount "31"]
[EventDate "2008.??.??"]

1. e4 e5 2. Nf3 Nf6 3. Nxe5 d6 4. Nf3 Nxe4 5. d4 d5 6. Bd3 Bd6 7. O-O O-O 8. c4
c6 9. Nc3 f5 10. cxd5 cxd5 11. Qb3 Nxc3 12. bxc3 b6 13. Qxd5+ Rf7 14. Ne5 Qe7
15. Nxf7 Qxf7 16. Qxd6 1-0

[Event "SR 3. liga A2 2008/2009"]
[Site "?"]
[Date "2009.03.22"]
[Round "10.7"]
[White "Kosar, Mikulas ml"]
[Black "Pagac, Robert"]
[Result "0-1"]
[WhiteElo "1891"]
[BlackElo "1819"]
[PlyCount "38"]
[EventDate "2008.??.??"]

1. e4 e5 2. Nf3 Nc6 3. Bc4 Nf6 4. Nc3 Bc5 5. O-O d6 6. d3 h6 7. Be3 Bb6 8. Qd2
Be6 9. Bxe6 fxe6 10. Bxb6 axb6 11. Nb5 Qd7 12. Nh4 Ne7 13. c4 c6 14. Nc3 g5 15.
Nf3 Ng6 16. d4 exd4 17. Qxd4 e5 18. Qxb6 Nf4 19. g3 Qh3 0-1

[Event "SR 3. liga A2 2008/2009"]
[Site "?"]
[Date "2009.03.22"]
[Round "10.8"]
[White "Brisudova, Veronika"]
[Black "Kosar, Mikulas st"]
[Result "1/2-1/2"]
[WhiteElo "1777"]
[BlackElo "1862"]
[PlyCount "99"]
[EventDate "2008.??.??"]

1. e4 e5 2. Nf3 Nf6 3. Nxe5 d6 4. Nf3 Nxe4 5. d4 Be7 6. Bd3 Nf6 7. O-O O-O 8.
c4 d5 9. b3 c6 10. Be3 Bg4 11. Nbd2 Nbd7 12. Qc2 Bh5 13. h3 Bg6 14. Bxg6 fxg6
15. Ng5 Qb8 16. c5 Nh5 17. Rae1 Bxg5 18. Bxg5 Nhf6 19. Bh4 Qf4 20. Bg3 Qxd4 21.
Bd6 Rfe8 22. a3 Rxe1 23. Rxe1 Re8 24. Nf3 Rxe1+ 25. Nxe1 Qa1 26. Qe2 Ne4 27. f3
Qd4+ 28. Kh1 Nxd6 29. cxd6 Qe5 30. Qf2 b6 31. Qh4 Qxd6 32. Qd8+ Kf7 33. Nd3 Ke6
34. Qg8+ Kf6 35. Qxh7 Kf7 36. Qh4 Qxa3 37. Qd8 Qe7 38. Qc7 c5 39. Qxa7 b5 40.
Qb7 c4 41. Qxb5 cxd3 42. Qxd5+ Qe6 43. Qxd3 Nc5 44. Qd8 Nxb3 45. Qc7+ Kg8 46.
Qd8+ Kh7 47. Qh4+ Kg8 48. Qd8+ Kf7 49. Qc7+ Kf6 50. Qc3+ 1/2-1/2

[Event "SR 3. liga A2 2008/2009"]
[Site "?"]
[Date "2009.03.22"]
[Round "10.1"]
[White "Csiba, Dominik"]
[Black "Pagerka, Martin"]
[Result "1-0"]
[WhiteElo "2169"]
[BlackElo "1998"]
[PlyCount "113"]
[EventDate "2008.??.??"]

1. e4 c5 2. Nf3 d6 3. d4 cxd4 4. Nxd4 Nf6 5. Nc3 a6 6. Bg5 e6 7. f4 Qb6 8. Qd2
Qxb2 9. Rb1 Qa3 10. e5 h6 11. Bh4 Nfd7 12. Ncb5 axb5 13. Nxb5 Qc5 14. exd6 Na6
15. Be2 Nf6 16. Bf3 Nd5 17. Bf2 Qc4 18. Bd4 Bd7 19. Be2 Qc6 20. O-O Bxd6 21. c4
Bb4 22. Qd1 Nf6 23. Rxb4 Nxb4 24. a3 Nbd5 25. cxd5 exd5 26. Rf3 Ne4 27. Bxg7
Rg8 28. Be5 Ra5 29. Rb3 f6 30. Bd4 Ke7 31. Qe1 Ra4 32. Bd3 Rc8 33. Na7 Rxa7 34.
Bxa7 Qa4 35. Rxb7 Qxa3 36. Bf1 Rc1 37. Qe2 Kd8 38. Bd4 Qa4 39. Bb2 Rd1 40. Rb6
Rb1 41. Bxf6+ Kc7 42. Ra6 Qc4 43. Be5+ Kb7 44. Qxc4 dxc4 45. Ra1 Rxa1 46. Bxa1
Nd2 47. Be2 Bf5 48. Kf2 Kc6 49. Ke3 Nb3 50. Bg7 Kc5 51. g4 Bb1 52. Bc3 Kd5 53.
Bf3+ Kc5 54. Be4 Ba2 55. g5 hxg5 56. fxg5 Nc1 57. g6 1-0

[Event "SR 3. liga A2 2008/2009"]
[Site "?"]
[Date "2009.03.22"]
[Round "10.2"]
[White "Hecko, Dusan"]
[Black "Lesny, Stefan"]
[Result "1/2-1/2"]
[WhiteElo "2160"]
[BlackElo "2105"]
[PlyCount "62"]
[EventDate "2008.??.??"]

1. e4 e5 2. Nc3 Nc6 3. Bc4 Nf6 4. d3 Na5 5. Nf3 Nxc4 6. dxc4 d6 7. O-O h6 8. c5
Bg4 9. cxd6 cxd6 10. Be3 Be7 11. h3 Bh5 12. Qd3 O-O 13. Nd2 Bg6 14. Nd5 Nxd5
15. Qxd5 Qc7 16. c4 Kh8 17. Rac1 b6 18. b3 Rad8 19. f3 f6 20. Nb1 Qd7 21. Nc3
f5 22. exf5 Qxf5 23. Qd2 Rd7 24. Rcd1 Bf7 25. Nd5 Bd8 26. f4 Qh5 27. Rf3 Be6
28. g4 Qf7 29. Qc2 Bxd5 30. Rxd5 Bg5 31. f5 Bxe3+ $11 1/2-1/2

[Event "SR 3. liga A2 2008/2009"]
[Site "?"]
[Date "2009.03.22"]
[Round "10.3"]
[White "Kolesar, Rastislav"]
[Black "Diviak, Rastislav"]
[Result "1-0"]
[WhiteElo "1978"]
[BlackElo "2022"]
[PlyCount "65"]
[EventDate "2008.??.??"]

1. e4 d6 2. d4 Nf6 3. Nc3 g6 4. Be3 Bg7 5. Bc4 Nxe4 6. Bxf7+ Kxf7 7. Nxe4 Rf8
8. h4 h6 9. h5 Bf5 10. Ng3 Qd7 11. Nxf5 Qxf5 12. hxg6+ Qxg6 13. Qf3+ Kg8 14.
Qxb7 Nd7 15. O-O-O Nb6 16. Ne2 Qe6 17. Qa6 Nd5 18. Qc4 Rab8 19. Nc3 c6 20. Nxd5
cxd5 21. Qd3 Rf5 22. Rde1 Qf6 23. Rh3 e5 24. g4 Rf3 25. dxe5 Qf7 26. Rxf3 Qxf3
27. Qg6 dxe5 28. Bxh6 Qf8 29. Rxe5 Rxb2 30. Kxb2 Qb4+ 31. Kc1 Qa3+ 32. Kd1 Qf3+
33. Re2 1-0

[Event "SR 3. liga A2 2008/2009"]
[Site "?"]
[Date "2009.03.22"]
[Round "10.4"]
[White "Cajka, Tibor"]
[Black "Ujhelyi, Matus"]
[Result "0-1"]
[WhiteElo "1907"]
[BlackElo "1926"]
[PlyCount "48"]
[EventDate "2008.??.??"]

1. e4 c5 2. Nf3 a6 3. c3 d5 4. exd5 Qxd5 5. d4 e6 6. Be2 Nf6 7. O-O cxd4 8.
Nxd4 Be7 9. Bf3 Qd6 10. Qb3 Nc6 11. Nxc6 bxc6 12. Rd1 Qc7 13. Bf4 Qxf4 14.
Bxc6+ Bd7 15. Bxa8 Ba4 16. Qb6 Bxd1 17. Bc6+ Kf8 18. Qxa6 g6 19. Na3 Ng4 20.
Rxd1 Qxf2+ 21. Kh1 Bc5 22. Qf1 Qh4 23. h3 Qg3 24. Rd8+ Kg7 0-1

[Event "SR 3. liga A2 2008/2009"]
[Site "?"]
[Date "2009.03.22"]
[Round "10.5"]
[White "Obdrzalkova, Anitta"]
[Black "Hanzluvka, Peter"]
[Result "1-0"]
[WhiteElo "2005"]
[BlackElo "2038"]
[PlyCount "83"]
[EventDate "2008.??.??"]

1. e4 c5 2. Nf3 Nc6 3. d4 cxd4 4. Nxd4 Nf6 5. Nc3 d6 6. Be3 a6 7. a4 Qc7 8. f3
Nxd4 9. Qxd4 e5 10. Qb6 Qxb6 11. Bxb6 Be6 12. O-O-O Rc8 13. Kb1 Be7 14. g4 Nd7
15. Be3 f6 16. Nd5 Kf7 17. b3 Rc6 18. c4 Nc5 19. Kb2 Rhc8 20. a5 Rb8 21. b4 Nd7
22. Bd3 Bd8 23. b5 axb5 24. cxb5 Rcc8 25. b6 Ra8 26. Ra1 Nc5 27. Bb5 Bxd5 28.
exd5 Ke7 29. Rhc1 Rab8 30. Ka3 Ra8 31. Kb4 Na6+ 32. Bxa6 bxa6 33. Rc6 Rcb8 34.
Rac1 Rb7 35. f4 Rab8 36. fxe5 fxe5 37. Bg5+ Kd7 38. Bxd8 Kxd8 39. Rxd6+ Rd7 40.
Rcc6 Rbb7 41. Kc5 e4 42. Kd4 1-0

[Event "SR 3. liga A2 2008/2009"]
[Site "?"]
[Date "2009.03.22"]
[Round "10.6"]
[White "Karlik, Lukas"]
[Black "Kahancova, Ivana"]
[Result "1-0"]
[WhiteElo "1841"]
[BlackElo "1700"]
[PlyCount "83"]
[EventDate "2008.??.??"]

1. d4 d5 2. Nf3 Bf5 3. c4 Nf6 4. Nc3 e6 5. Qb3 b6 6. Bg5 c6 7. e3 Be7 8. Be2
O-O 9. Ne5 dxc4 10. Qxc4 b5 11. Qb3 Nfd7 12. Bxe7 Qxe7 13. Bf3 Nxe5 14. dxe5
Bd3 15. Be4 Bc4 16. Qc2 h6 17. b3 Bd5 18. O-O Nd7 19. Bd3 Nxe5 20. e4 Nxd3 21.
Qxd3 a6 22. exd5 cxd5 23. Rfe1 Qf6 24. Rad1 Rfc8 25. Re3 Rc7 26. g3 Rac8 27.
Ne2 Rc2 28. a4 bxa4 29. bxa4 R2c4 30. Qb3 Qe7 31. Rxd5 Rb4 32. Qa2 Qe8 33. Rd4
Rb6 34. Red3 Rcb8 35. Nc3 Rb2 36. Qxb2 Rxb2 37. Rd8 Qxd8 38. Rxd8+ Kh7 39. Rd6
Rb3 40. Ne2 Rb1+ 41. Kg2 Ra1 42. Rxa6 1-0

[Event "SR 3. liga A2 2008/2009"]
[Site "?"]
[Date "2009.03.22"]
[Round "10.7"]
[White "Kahancova, Jana"]
[Black "Skapik, Branislav"]
[Result "0-1"]
[WhiteElo "1605"]
[BlackElo "1823"]
[PlyCount "102"]
[EventDate "2008.??.??"]

1. e4 e5 2. Bc4 Nf6 3. d3 Nc6 4. Nf3 Bc5 5. Bg5 d6 6. h3 Na5 7. Bb3 Nxb3 8.
axb3 O-O 9. O-O Re8 10. Nc3 c6 11. Qe2 Re6 12. Rfe1 Qf8 13. Rad1 h6 14. Bh4 g5
15. Bg3 Nh5 16. Bh2 Nf4 17. Bxf4 gxf4 18. Nh4 Rf6 19. Qh5 Qg7 20. Qf3 Qg3 21.
Qxg3+ fxg3 22. Rf1 Bxf2+ 23. Kh1 Rf4 24. Nf3 Bxh3 25. Ne2 Rxf3 26. gxf3 Bxf1
27. Rxf1 h5 28. Kg2 h4 29. Rh1 d5 30. Rxh4 Rd8 31. Rg4+ Kf8 32. Nxg3 Bd4 33. c3
Be3 34. Nf5 Bc1 35. Rh4 Ke8 36. Rh7 Bxb2 37. c4 dxc4 38. dxc4 Rd2+ 39. Kg3 Rd1
40. Rh8+ Kd7 41. Rb8 Kc7 42. Re8 a5 43. Re7+ Rd7 44. Re8 Kb6 45. Ra8 Bc3 46.
Ne3 Kc5 47. Nc2 Rd2 48. Na3 Bb4 49. Nb1 Rb2 50. Ra7 Rxb3 51. Rxb7 Be1+ 0-1

[Event "SR 3. liga A2 2008/2009"]
[Site "?"]
[Date "2009.03.22"]
[Round "10.8"]
[White "Nemeckay, Rastislav"]
[Black "Mezei, Tibor"]
[Result "1-0"]
[WhiteElo "1749"]
[BlackElo "1640"]
[PlyCount "87"]
[EventDate "2008.??.??"]

1. e4 e6 2. d4 d5 3. e5 c5 4. c3 Qb6 5. Nf3 Nc6 6. Be2 Bd7 7. O-O f6 8. a3 cxd4
9. exf6 Nxf6 10. cxd4 Bd6 11. Nc3 a6 12. Re1 Qc7 13. Bf1 Ng4 14. g3 O-O-O 15.
Ng5 Nh6 16. Nxe6 Bxe6 17. Rxe6 Qf7 18. Bh3 Nf5 19. Bxf5 Qxf5 20. Re2 g5 21. Be3
h5 22. Qf1 h4 23. Qg2 Bc7 24. Rc1 Ne7 25. f4 gxf4 26. Bxf4 Bxf4 27. Nxd5+ Kb8
28. Nxe7 Qd3 29. gxf4 h3 30. Qe4 Qb3 31. d5 Qb6+ 32. Kh1 Rhe8 33. f5 Qd6 34.
Qe5 Qxe5 35. Rxe5 Rf8 36. Rc3 Rh8 37. f6 Rh4 38. Rf5 Re4 39. Rxh3 Re2 40. f7
Rxe7 41. f8=Q Rxf8 42. Rxf8+ Kc7 43. Rf2 Kd7 44. Rd2 1-0

[Event "SR 3. liga A2 2008/2009"]
[Site "?"]
[Date "2009.03.22"]
[Round "10.1"]
[White "Sekera, Branislav"]
[Black "Abel, Peter"]
[Result "1/2-1/2"]
[WhiteElo "2138"]
[BlackElo "2176"]
[PlyCount "98"]
[EventDate "2008.??.??"]

1. d3 d5 2. Nf3 c5 3. g3 Nc6 4. Bg2 e5 5. O-O Bd6 6. c3 Nge7 7. Nbd2 f6 8. a3
Be6 9. b4 Qd7 10. Re1 O-O 11. e4 Rac8 12. Nf1 Rfd8 13. Bb2 cxb4 14. axb4 a6 15.
Qa4 dxe4 16. dxe4 Na7 17. Qxd7 Rxd7 18. Ne3 Nb5 19. Rac1 Rdc7 20. Rcd1 Rc6 21.
Bf1 Bb8 22. c4 Nd6 23. Nd2 Rd8 24. Nd5 Kf7 25. Kg2 b5 26. c5 Ne8 27. Nxe7 Kxe7
28. Nf3 Rxd1 29. Rxd1 Rc8 30. Ra1 Nc7 31. Bc3 Rd8 32. Be2 Bc8 33. Ne1 Ne6 34.
Nc2 g6 35. f3 f5 36. exf5 gxf5 37. Rd1 Rxd1 38. Bxd1 f4 39. Kf2 Bb7 40. Be2 e4
41. g4 Ng5 42. h4 exf3 43. hxg5 fxe2 44. Kxe2 Ke6 45. Nd4+ Kd5 46. Nf5 Ke4 47.
Ne7 Bd5 48. g6 hxg6 49. Nxg6 Bc4+ 1/2-1/2

[Event "SR 3. liga A2 2008/2009"]
[Site "?"]
[Date "2009.03.22"]
[Round "10.2"]
[White "Mihalik, Marek"]
[Black "Sturdik, Igor"]
[Result "1-0"]
[WhiteElo "2098"]
[BlackElo "2022"]
[PlyCount "63"]
[EventDate "2008.??.??"]

1. d4 Nf6 2. c4 c5 3. Nf3 e6 4. Nc3 d5 5. cxd5 Nxd5 6. g3 Nc6 7. dxc5 Nxc3 8.
Qxd8+ Kxd8 9. bxc3 Bxc5 10. Bg2 Bd7 11. O-O Ke7 12. Rb1 b6 13. Rd1 Rac8 14. Ng5
f5 15. Nf7 Rhf8 16. Bg5+ Kxf7 17. Rxd7+ Kg6 18. Bxc6 Rxc6 19. Bf4 Rf7 20. Rbd1
a5 21. Be5 Rxd7 22. Rxd7 Bf8 23. Rb7 h5 24. Bd4 a4 25. Kg2 Kh6 26. h4 Kg6 27.
Kf3 Bd6 28. Rxg7+ Kh6 29. Rb7 e5 30. Rxb6 Rxb6 31. Bxb6 Kg6 32. e4 1-0

[Event "SR 3. liga A2 2008/2009"]
[Site "?"]
[Date "2009.03.22"]
[Round "10.3"]
[White "Lukac, Tomas"]
[Black "Manak, Jozef"]
[Result "1/2-1/2"]
[WhiteElo "1824"]
[BlackElo "2009"]
[Annotator ",Jozef"]
[PlyCount "103"]
[EventDate "2008.??.??"]

1. e4 c5 2. Nf3 a6 3. g3 Nc6 4. Bg2 g6 5. O-O Bg7 6. c3 e5 7. Na3 d6 8. d3 Nge7
9. Bg5 O-O 10. Qd2 Re8 11. Nc2 Qc7 12. Nh4 Be6 13. Bh6 f6 14. Bxg7 Kxg7 15. d4
Bf7 16. d5 Na5 17. f4 Red8 18. Ne3 Ng8 19. Rf2 Be8 20. b3 Bd7 21. Raf1 Rf8 22.
Qe2 b5 23. fxe5 dxe5 24. Bf3 Nb7 25. Bg4 Nd6 26. Bf3 Rf7 27. Bg2 Raf8 28. Qc2
c4 29. b4 Qb6 30. Qe2 Nh6 31. Kh1 f5 32. exf5 Nhxf5 33. Nexf5+ Nxf5 34. Qxe5+
Qf6 35. Nxf5+ Bxf5 36. Qxf6+ Rxf6 37. Rf4 g5 38. R4f2 Be4 39. Rxf6 Bxg2+ 40.
Kxg2 Rxf6 41. Rxf6 Kxf6 42. Kf3 Ke5 43. d6 Kxd6 44. Ke4 g4 45. Kd4 Ke6 46. Ke4
Kd6 47. Kf4 Kd5 48. Kf5 h6 49. Kf4 h5 50. Kf5 Kd6 51. Kf4 Kd5 52. Kf5 $11
1/2-1/2

[Event "SR 3. liga A2 2008/2009"]
[Site "?"]
[Date "2009.03.22"]
[Round "10.4"]
[White "Gono, Michal"]
[Black "Lopatievov, Alexander"]
[Result "0-1"]
[WhiteElo "1854"]
[BlackElo "2020"]
[PlyCount "64"]
[EventDate "2008.??.??"]

1. Nf3 c5 2. c4 Nf6 3. g3 b6 4. Bg2 Bb7 5. O-O d6 6. Nc3 e5 7. d3 Be7 8. Nd2
Bxg2 9. Kxg2 O-O 10. Nde4 Nc6 11. Nxf6+ Bxf6 12. Nd5 Re8 13. e4 Nb4 14. Nc3 Re6
15. a3 Na6 16. Nd5 Nc7 17. Nxc7 Qxc7 18. Be3 Rb8 19. Qc2 Re7 20. a4 a6 21. Ra2
Qc8 22. b3 Reb7 23. Rfa1 g6 24. Qd2 Bg7 25. Bh6 Bh8 26. h4 f5 27. h5 f4 28. f3
Qe6 29. Bg5 h6 30. gxf4 hxg5 31. fxg5 gxh5 32. Rh1 Qg6 0-1

[Event "SR 3. liga A2 2008/2009"]
[Site "?"]
[Date "2009.03.22"]
[Round "10.5"]
[White "Kozinka, Roman"]
[Black "Gono, Pavol"]
[Result "1-0"]
[WhiteElo "2012"]
[BlackElo "1988"]
[PlyCount "43"]
[EventDate "2008.??.??"]

1. e4 c6 2. Nf3 d5 3. Nc3 Bg4 4. h3 Bxf3 5. Qxf3 Nf6 6. e5 Nfd7 7. d4 e6 8. Qg4
Qb6 9. Bd3 c5 10. dxc5 Nxc5 11. Bb5+ Nc6 12. Be3 O-O-O 13. Bxc6 Qxc6 14. O-O
Kb8 15. Ne2 Rc8 16. a4 h5 17. Qd4 a6 18. b4 Nxa4 19. Qa7+ Kc7 20. Rxa4 Qxa4 21.
Bb6+ Kd7 22. Qxb7+ 1-0

[Event "SR 3. liga A2 2008/2009"]
[Site "?"]
[Date "2009.03.22"]
[Round "10.6"]
[White "Mihalik, Anton"]
[Black "Zarecky, Eduard"]
[Result "0-1"]
[WhiteElo "1959"]
[BlackElo "1948"]
[Annotator ",Jozef"]
[PlyCount "102"]
[EventDate "2008.??.??"]

1. e4 e5 2. Nf3 d6 3. d4 exd4 4. Qxd4 Nc6 5. Bb5 Bd7 6. Bxc6 Bxc6 7. Nc3 Nf6 8.
Bg5 Be7 9. O-O-O h6 10. Bh4 Nh5 11. Bxe7 Qxe7 12. Rhe1 O-O 13. Nd5 Bxd5 14.
exd5 Qf6 15. Qd2 Rfe8 16. Re3 Rxe3 17. fxe3 Qe7 18. Re1 Qe4 19. Qd3 Nf6 20.
Qxe4 Nxe4 21. Nd2 Re8 22. Nf3 h5 23. c4 g6 24. Kc2 Kg7 25. Re2 c5 26. Nd2 f5
27. Nxe4 $11 Rxe4 28. Kd3 a6 29. a3 Kf6 30. Rf2 Ke5 31. b3 g5 32. g3 h4 33. Rf3
hxg3 34. Rxg3 Kf6 35. Rh3 Rh4 36. Rxh4 gxh4 37. Ke2 Ke5 38. Kf3 h3 39. Kf2 Ke4
40. Ke2 b5 41. cxb5 axb5 42. a4 bxa4 43. bxa4 Kxd5 44. Kd3 Kc6 45. e4 fxe4+ 46.
Kxe4 d5+ 47. Kd3 Kb6 48. Kc3 Ka5 49. Kb3 c4+ 50. Ka3 d4 51. Kb2 Kxa4 0-1

[Event "SR 3. liga A2 2008/2009"]
[Site "?"]
[Date "2009.03.22"]
[Round "10.7"]
[White "Mackovic, Miroslav"]
[Black "Curidlo, Jan"]
[Result "1-0"]
[WhiteElo "1972"]
[BlackElo "1979"]
[PlyCount "75"]
[EventDate "2008.??.??"]

1. e4 c5 2. Nf3 d6 3. d4 cxd4 4. Nxd4 Nf6 5. Nc3 a6 6. Be2 e6 7. g4 Qc7 8. g5
Nfd7 9. f4 Nc6 10. f5 Nxd4 11. Qxd4 Qc5 12. Be3 Qxd4 13. Bxd4 b5 14. fxe6 fxe6
15. Bh5+ Kd8 16. a3 e5 17. Be3 g6 18. Be2 Bb7 19. O-O-O Be7 20. h4 Kc7 21. Nd5+
Bxd5 22. Rxd5 Nb6 23. Rd3 Kb7 24. Kb1 Rac8 25. h5 Rcf8 26. Bc1 Kb8 27. Bg4 Rfg8
28. Be6 Rf8 29. Rdh3 gxh5 30. Rxh5 Rhg8 31. Bxg8 Rxg8 32. Rxh7 Nc8 33. Rh8 Rxh8
34. Rxh8 Kc7 35. Rh7 Kd8 36. g6 Bf6 37. g7 Ne7 38. Rh8+ 1-0

[Event "SR 3. liga A2 2008/2009"]
[Site "?"]
[Date "2009.03.22"]
[Round "10.8"]
[White "Slaby, Jozef"]
[Black "Gajarsky, Julius"]
[Result "1-0"]
[WhiteElo "1930"]
[BlackElo "1807"]
[PlyCount "105"]
[EventDate "2008.??.??"]

1. d4 f5 2. c4 Nf6 3. Nc3 e6 4. Nf3 Be7 5. h3 d6 6. Qb3 b6 7. Bf4 O-O 8. e3 Bb7
9. Be2 Nh5 10. Bh2 Nd7 11. Rc1 Qe8 12. Nb5 Bd8 13. Rg1 a6 14. Nc3 Qf7 15. a4
Be7 16. c5 Rab8 17. cxd6 cxd6 18. Bc4 d5 19. Be2 Rbc8 20. Qd1 Kh8 21. g4 fxg4
22. hxg4 Nhf6 23. Ng5 Qg8 24. Qd3 h6 25. Nh3 Ne4 26. Nf4 Qf7 27. Bg3 Bg5 28.
Nh3 Nxg3 29. Rxg3 Bh4 30. Rf3 Qe7 31. Nf4 Rxf4 32. Rxf4 e5 33. dxe5 Nxe5 34.
Qd2 Rd8 35. Kd1 Bg5 36. Rd4 Bf6 37. Nxd5 Bxd5 38. Rxd5 Ra8 39. f4 Ng6 40. Qd3
Bxb2 41. Rc6 Nf8 42. e4 Qh4 43. Kc2 Bf6 44. e5 Be7 45. Qc4 Qe1 46. Bd3 Qa1 47.
Qd4 Qa2+ 48. Kd1 Ba3 49. Bc2 Bb4 50. g5 a5 51. gxh6 g6 52. e6+ Kh7 53. Qg7# 1-0

[Event "SR 3. liga A2 2008/2009"]
[Site "?"]
[Date "2009.03.22"]
[Round "10.1"]
[White "Schmikli, Laszlo"]
[Black "Kovacocy, Pavel"]
[Result "0-1"]
[WhiteElo "2236"]
[BlackElo "2232"]
[PlyCount "116"]
[EventDate "2008.??.??"]

1. e4 c5 2. b4 cxb4 3. d4 Nf6 4. e5 Nd5 5. Bc4 Nb6 6. Bd3 Nc6 7. a3 a5 8. axb4
axb4 9. Rxa8 Nxa8 10. Ne2 d5 11. O-O g6 12. Be3 Bg7 13. Qc1 O-O 14. Bh6 f6 15.
Bxg7 Kxg7 16. exf6+ exf6 17. Nd2 Nc7 18. Nb3 Ne6 19. c4 bxc3 20. Qxc3 Qd6 21.
Rb1 Rf7 22. g3 Re7 23. Nd2 Ng5 24. h4 Nh3+ 25. Kg2 Qe6 26. Nf3 g5 27. hxg5 fxg5
28. Ne5 g4 29. Re1 Qf6 30. Nf4 Nxf4+ 31. gxf4 Qxf4 32. Nxc6 Rf7 33. Qc2 Qf3+
34. Kg1 g3 35. fxg3 Qxg3+ 36. Qg2 Qxg2+ 37. Kxg2 bxc6 38. Kg3 h5 39. Re5 Bg4
40. Be2 Bxe2 41. Rxe2 Kf6 42. Re5 Rg7+ 43. Kf3 Rg5 44. Re8 Rg4 45. Rc8 Rxd4 46.
Rxc6+ Kg5 47. Rd6 Rf4+ 48. Kg2 d4 49. Rd8 Rg4+ 50. Kf3 Kh4 51. Rd5 d3 52. Kf2
Rg3 53. Rd8 Kh3 54. Rd4 h4 55. Rd8 Kh2 56. Rd4 h3 57. Kf1 Rg1+ 58. Kf2 d2 0-1

[Event "SR 3. liga A2 2008/2009"]
[Site "?"]
[Date "2009.03.22"]
[Round "10.2"]
[White "Cechovic, Stefan"]
[Black "Ress, Tamas"]
[Result "1/2-1/2"]
[WhiteElo "2186"]
[BlackElo "2152"]
[PlyCount "115"]
[EventDate "2008.??.??"]

1. Nf3 d5 2. d4 c6 3. Bf4 Nf6 4. e3 Bg4 5. Be2 e6 6. h3 Bxf3 7. Bxf3 Bd6 8. c3
Bxf4 9. exf4 Qd6 10. g3 Ne4 11. Bxe4 dxe4 12. Qe2 f5 13. Nd2 Nd7 14. f3 exf3
15. Qxf3 O-O-O 16. O-O-O h6 17. Rhe1 Nf6 18. Re5 Nd7 19. Re3 c5 20. Nb3 cxd4
21. Rxd4 Qa6 22. Kb1 Rhe8 23. Qd1 Nf6 24. Re5 Qb6 25. Rc5+ Kb8 26. Rb5 Rxd4 27.
Nxd4 Qd6 28. Re5 Ne4 29. g4 g6 30. Qe2 Re7 31. Kc2 a6 32. Qg2 Qd7 33. Kc1 Ka7
34. Qg1 Ka8 35. Qd1 Qd6 36. Qe2 Ka7 37. Qe3 Ka8 38. Qe2 Ka7 39. Qe3 b6 40. Rxe4
fxe4 41. Qxe4 Rc7 42. Nxe6 Re7 43. f5 gxf5 44. gxf5 a5 45. Qe3 Qd5 46. Qf4 Rd7
47. Nd4 h5 48. a4 Rg7 49. f6 Qh1+ 50. Kc2 Rg2+ 51. Kb3 Qd1+ 52. Ka3 Qa1+ 53.
Kb3 Rxb2+ 54. Kc4 Qxa4+ 55. Kd3 Qd1+ 56. Kc4 Ka6 57. f7 Qa4+ 58. Kd3 1/2-1/2

[Event "SR 3. liga A2 2008/2009"]
[Site "?"]
[Date "2009.03.22"]
[Round "10.3"]
[White "Ivan, Imrich ml"]
[Black "Liptak, Tomas"]
[Result "1-0"]
[WhiteElo "2049"]
[BlackElo "2031"]
[PlyCount "55"]
[EventDate "2008.??.??"]

1. Nf3 Nf6 2. d4 e6 3. Bf4 d5 4. e3 Bd6 5. Ne5 Nbd7 6. Bd3 O-O 7. O-O Qe7 8.
Nd2 c5 9. c3 c4 10. Bc2 Ne8 11. Bg3 f5 12. f3 Nef6 13. Qe2 Nh5 14. f4 Nxg3 15.
hxg3 Nf6 16. Ndf3 Bd7 17. Nh2 Be8 18. g4 fxg4 19. Nhxg4 Nxg4 20. Qxg4 Rf6 21.
Rf3 Rh6 22. Rh3 Qf6 23. Rf1 Rxh3 24. Qxh3 Qh6 25. Qf3 Bxe5 26. dxe5 Bc6 27. Qg4
Rf8 28. Rf3 1-0

[Event "SR 3. liga A2 2008/2009"]
[Site "?"]
[Date "2009.03.22"]
[Round "10.4"]
[White "Sarmír, Milos"]
[Black "Csefalvay, Stefan"]
[Result "1-0"]
[WhiteElo "2086"]
[BlackElo "1965"]
[Annotator ",Jozef"]
[PlyCount "95"]
[EventDate "2008.??.??"]

1. e4 c5 2. Nf3 Nc6 3. d4 cxd4 4. Nxd4 e5 5. Nb5 a6 6. Nd6+ Bxd6 7. Qxd6 Qf6 8.
Qd2 Nge7 9. Nc3 Nd4 10. Bd3 b5 11. O-O O-O 12. Ne2 Nxe2+ 13. Qxe2 Bb7 14. Qg4
Bc6 15. Be3 Qg6 16. Qh4 Nf5 17. Qh3 Nxe3 18. Qxe3 Qe6 19. a3 d5 20. Rad1 Rad8
21. Rfe1 dxe4 $11 22. Bxe4 Bxe4 23. Qxe4 f5 24. Qh4 Rxd1 25. Rxd1 e4 26. Qf4
Qf6 27. c3 Rd8 28. Rxd8+ Qxd8 29. h3 g6 30. Qe5 Kf7 31. Qc5 Qf6 32. a4 bxa4 33.
Qc4+ Kg7 34. Qxa4 Qb6 35. Qd7+ Kh6 36. Qd2+ Kg7 37. b4 Kf6 38. c4 g5 39. c5 Qe6
40. Qd8+ Kg6 41. Qb6 Kf6 42. c6 f4 43. Qd4+ Ke7 44. Qc5+ Kf6 45. Qf8+ Ke5 46.
c7 e3 47. c8=Q exf2+ 48. Kxf2 1-0

[Event "SR 3. liga A2 2008/2009"]
[Site "?"]
[Date "2009.03.22"]
[Round "10.5"]
[White "Vizvari, Ludovit"]
[Black "Liptak, Dusan"]
[Result "1/2-1/2"]
[WhiteElo "2039"]
[BlackElo "1927"]
[Annotator ",Jozef"]
[PlyCount "101"]
[EventDate "2008.??.??"]

1. d4 Nf6 2. c4 g6 3. Nc3 d5 4. cxd5 Nxd5 5. e4 Nxc3 6. bxc3 Bg7 7. Bc4 c5 8.
Ne2 Nc6 9. Be3 O-O 10. O-O Bd7 11. Rc1 Qc7 12. Bd3 e5 13. d5 Na5 14. c4 b6 15.
Qd2 f5 16. Bh6 fxe4 17. Bxe4 Rae8 18. Bxg7 Kxg7 19. Rc3 Nb7 20. Qc2 Nd6 21. Ng3
Qd8 22. f3 Qg5 23. Qc1 Qxc1 24. Rfxc1 Bf5 25. Re1 Re7 26. Bxf5 gxf5 27. f4 e4
28. Nf1 Rc7 29. a4 Rb8 30. Ne3 Kf6 31. Rb1 a6 32. Kf2 b5 33. cxb5 axb5 34. axb5
Rb6 35. Nc4 Nxc4 36. Rxc4 Ke7 37. g4 Kd6 38. Rd1 e3+ 39. Kxe3 fxg4 40. Re4 Re7
41. Rxe7 Kxe7 42. Ke4 Kd6 43. f5 Rxb5 44. f6 c4 45. f7 Rb8 46. Rc1 Rc8 47. Kf5
Ke7 48. Kxg4 Kxf7 49. Kf5 Ke7 50. Ke5 c3 51. Rc2 $11 1/2-1/2

[Event "SR 3. liga A2 2008/2009"]
[Site "?"]
[Date "2009.03.22"]
[Round "10.6"]
[White "Vlkovic, Pavol"]
[Black "Szitasi, Janos"]
[Result "0-1"]
[WhiteElo "1934"]
[BlackElo "1972"]
[PlyCount "60"]
[EventDate "2008.??.??"]

1. e4 e5 2. Bc4 Nf6 3. d3 Bc5 4. Nf3 d6 5. h3 h6 6. O-O O-O 7. c3 Bb6 8. Bb3 c5
9. Nbd2 Nc6 10. Nc4 Bc7 11. Ne3 Be6 12. Bc2 d5 13. exd5 Nxd5 14. Re1 Qd7 15.
Nxd5 Bxd5 16. Nh2 Rad8 17. Qh5 f5 18. Be3 b6 19. Qd1 Qd6 20. Nf1 Qg6 21. g3 f4
22. Bd2 fxg3 23. Nxg3 Rxf2 24. Kxf2 Rf8+ 25. Bf4 Rxf4+ 26. Ke3 Qxg3+ 27. Kd2
Rf2+ 28. Kc1 Bf3 29. Bb3+ Kh8 30. Rg1 Qf4+ 0-1

[Event "SR 3. liga A2 2008/2009"]
[Site "?"]
[Date "2009.03.22"]
[Round "10.7"]
[White "Szabo, Gabor"]
[Black "Hornak, Pavol"]
[Result "1-0"]
[WhiteElo "1902"]
[BlackElo "1743"]
[PlyCount "77"]
[EventDate "2008.??.??"]

1. e4 c5 2. c3 d5 3. exd5 Qxd5 4. d4 Nf6 5. Nf3 Nc6 6. Bf4 a6 7. Be2 e6 8. O-O
Be7 9. Bg3 O-O 10. a3 b5 11. Re1 Bb7 12. c4 bxc4 13. Nc3 Qd8 14. dxc5 Qxd1 15.
Raxd1 Bxc5 16. Bxc4 Rad8 17. b4 Ba7 18. Bd6 Rfe8 19. a4 Bb8 20. Bxb8 Rxd1 21.
Rxd1 Rxb8 22. b5 Na5 23. Be2 axb5 24. axb5 Kf8 25. Ne5 Rc8 26. Na4 Nd5 27. Nc5
Nc3 28. Ra1 Nb3 29. Nxb3 Nxe2+ 30. Kf1 Nf4 31. f3 f6 32. Nd7+ Ke8 33. Ndc5 Bd5
34. b6 Kd8 35. b7 Rb8 36. Rd1 Ke7 37. Na5 Ng6 38. Rxd5 exd5 39. Nc6+ 1-0